[Event "Woerishofen sen 2016"]
[Site "Bad Woerishofen"]
[Date "2016.02.26"]
[Round "2.55"]
[White "Felger, Karl"]
[Black "Buss, Richard"]
[Result "1-0"]
[WhiteElo "1813"]
[BlackElo "1657"]
[PlyCount "83"]
[EventDate "2016.02.26"]
[EventType "swiss"]
[EventCountry "GER"]
[WhiteTeam "Schorndorf Schachmatt"]
[BlackTeam "Heisfelde VfR"]
[WhiteTeamCountry "GER"]
[BlackTeamCountry "GER"]

1. d4 d5 2. f4 Bf5 3. Nf3 Nd7 4. g3 Ngf6 5. Bg2 e6 6. O-O Bd6 7. Nbd2 c6 8. Nh4
Bg4 9. h3 Bh5 10. Qe1 Qc7 11. e4 dxe4 12. Nxe4 Nxe4 13. Bxe4 O-O-O 14. c4 b6
15. b4 f5 16. Bg2 g5 17. Nf3 Bxf3 18. Bxf3 gxf4 19. c5 bxc5 20. bxc5 Nxc5 21.
dxc5 Bxc5+ 22. Kh1 fxg3 23. Qxe6+ Qd7 24. Qxc6+ Qxc6 25. Bxc6 Rdf8 26. Bf4 Bf2
27. Rab1 Kd8 28. Bd6 g2+ 29. Kxg2 Bb6 30. Bxf8 Rxf8 31. Kf3 Kc7 32. Rbc1 Kd6
33. Rfd1+ Ke5 34. Rd5+ Kf6 35. Bd7 Kg6 36. Kf4 Rf6 37. Rc2 h5 38. Rg2+ Kh6 39.
Bxf5 Bc7+ 40. Ke4 Bb6 41. Rd7 Rxf5 42. Kxf5 1-0

[Event "Woerishofen sen 2016"]
[Site "Bad Woerishofen"]
[Date "2016.02.27"]
[Round "2.56"]
[White "Wraga, Hermann"]
[Black "Thielemann, Joachim"]
[Result "1/2-1/2"]
[WhiteElo "1667"]
[BlackElo "1811"]
[PlyCount "125"]
[EventDate "2016.02.26"]
[EventType "swiss"]
[EventCountry "GER"]
[WhiteTeam "Osnabrueck SG"]
[BlackTeam "Eutin SV"]
[WhiteTeamCountry "GER"]
[BlackTeamCountry "GER"]

1. e4 e5 2. Bc4 Nc6 3. a3 Nf6 4. d3 Be7 5. Nf3 O-O 6. O-O d6 7. h3 Bd7 8. Nbd2
Qc8 9. Re1 Na5 10. Ba2 c5 11. c3 b5 12. Qe2 a6 13. Nf1 Qc7 14. Be3 Nc6 15. Ng3
Qc8 16. Nh2 Be6 17. Bxe6 fxe6 18. Ng4 Qd7 19. Rf1 d5 20. Rad1 d4 21. Bc1 Rf7
22. Nxf6+ Rxf6 23. Qe1 Raf8 24. Nh1 c4 25. dxc4 bxc4 26. cxd4 Nxd4 27. Qd2 Rg6
28. Kh2 Rf3 29. Qa5 Bd6 30. Ng3 Rd3 31. Qxa6 Rxd1 32. Rxd1 Bf8 33. Rd2 Qc7 34.
Rd1 c3 35. bxc3 Qxc3 36. Qd3 Qa5 37. Bb2 Bc5 38. Rd2 Rf6 39. f3 Rf8 40. Nf1 Rd8
41. Qc3 Qa7 42. Kh1 Rb8 43. Qc4 Kf7 44. Ne3 Qa5 45. Nf1 Qa7 46. Ng3 g6 47. Nf1
Rd8 48. Ng3 Qe7 49. Nf1 Rd7 50. Ng3 Bxa3 51. Bxd4 exd4 52. Rxd4 Rc7 53. Qf1 Qg5
54. Ne2 Qe3 55. Rd1 Rc2 56. Nd4 Rc7 57. Nb5 Rb7 58. Nxa3 Qxa3 59. Ra1 Qc3 60.
Rc1 Qe3 61. Re1 Qf4 62. Rd1 Qg3 63. Qe2 1/2-1/2

[Event "Woerishofen sen 2016"]
[Site "Bad Woerishofen"]
[Date "2016.02.27"]
[Round "2.57"]
[White "Juenger, Leonhard"]
[Black "Braeu, Emmi"]
[Result "1-0"]
[WhiteElo "1807"]
[BlackElo "1624"]
[PlyCount "53"]
[EventDate "2016.02.26"]
[EventType "swiss"]
[EventCountry "GER"]
[WhiteTeam "Aachener SV"]
[BlackTeam "Marktoberdorf SK"]
[WhiteTeamCountry "GER"]
[BlackTeamCountry "GER"]

1. e4 c5 2. d4 cxd4 3. c3 dxc3 4. Nxc3 Nc6 5. Nf3 e6 6. Bc4 d6 7. O-O Bd7 8.
Qe2 Be7 9. Rd1 a6 10. Bf4 e5 11. Be3 Nf6 12. a3 Rc8 13. Rac1 O-O 14. b4 b5 15.
Bb3 Ng4 16. Bd2 Nd4 17. Nxd4 exd4 18. Nd5 Nf6 19. Rxc8 Bxc8 20. Rc1 Nxd5 21.
Bxd5 Bf6 22. f4 Qe7 23. g4 Qa7 24. Kg2 Bb7 25. Rc7 Rb8 26. g5 Bd8 27. Rxf7 1-0

[Event "Woerishofen sen 2016"]
[Site "Bad Woerishofen"]
[Date "2016.02.27"]
[Round "2.58"]
[White "Schweitzer, Paul"]
[Black "Flockerzi, Armin"]
[Result "1/2-1/2"]
[WhiteElo "1652"]
[BlackElo "1806"]
[PlyCount "142"]
[EventDate "2016.02.26"]
[EventType "swiss"]
[EventCountry "GER"]
[WhiteTeam "Zehlendorf SK"]
[BlackTeam "Koblenz VfR SC"]
[WhiteTeamCountry "GER"]
[BlackTeamCountry "GER"]

1. d4 d5 2. Nf3 Nf6 3. c3 c6 4. Nbd2 g6 5. e3 Bg7 6. Be2 b6 7. Ne5 Qc7 8. f4
Bf5 9. c4 e6 10. b3 Ne4 11. O-O Nxd2 12. Bxd2 Be4 13. cxd5 exd5 14. Rc1 O-O 15.
a4 f5 16. Bb4 Re8 17. g4 Bxe5 18. dxe5 Nd7 19. Bd6 Qb7 20. gxf5 Bxf5 21. Bd3
Bxd3 22. Qxd3 c5 23. Rfd1 Rad8 24. Qxd5+ Qxd5 25. Rxd5 Nf8 26. e4 Ne6 27. f5
Nf4 28. Rd2 g5 29. Rcd1 g4 30. Kh1 Nh3 31. Kg2 Ng5 32. Bc7 Rc8 33. Rd7 Nxe4 34.
f6 Ng5 35. Rg7+ Kh8 36. Rdd7 Rg8 37. Bd6 Rxg7 38. Rxg7 h6 39. Rxa7 Kg8 40. Rb7
c4 41. bxc4 Rxc4 42. f7+ Nxf7 43. Rb8+ Kg7 44. Rb7 Rc6 45. Bc7 Kg6 46. Rxb6
Rxb6 47. Bxb6 Nxe5 48. a5 Nd7 49. Kg3 h5 50. Kh4 Nb8 51. Be3 Na6 52. h3 gxh3
53. Kxh3 Nb8 54. Kh4 Na6 55. Bf4 Nb4 56. Bc7 Na6 57. Bb6 Nb4 58. Kg3 Kf5 59.
Kh4 Kg6 60. Bd8 Na6 61. Kg3 Kf5 62. Bb6 Nb8 63. Kf3 Na6 64. Bd8 Ke5 65. Kg3 Kf5
66. Kf3 Ke5 67. Bh4 Nb4 68. Bg3+ Kd5 69. Kf4 Kc6 70. Kg5 Kb5 71. Bc7 Nc6
1/2-1/2

[Event "Woerishofen sen 2016"]
[Site "Bad Woerishofen"]
[Date "2016.02.27"]
[Round "2.59"]
[White "Dombrowe, Eckehard"]
[Black "Westermayer, Johann"]
[Result "1/2-1/2"]
[WhiteElo "1793"]
[BlackElo "1599"]
[PlyCount "89"]
[EventDate "2016.02.26"]
[EventType "swiss"]
[EventCountry "GER"]
[WhiteTeam "Nettetal SG"]
[BlackTeam "AUT"]
[WhiteTeamCountry "GER"]
[BlackTeamCountry "AUT"]

1. d4 Nf6 2. c4 g6 3. Nc3 Bg7 4. Nf3 O-O 5. h3 d6 6. Bg5 c5 7. d5 h6 8. Bh4 g5
9. Bg3 a6 10. e4 Nbd7 11. Be2 Nh5 12. Bh2 Nhf6 13. O-O Re8 14. Re1 Nf8 15. e5
dxe5 16. Nxe5 N6d7 17. Bh5 Nxe5 18. Bxe5 Nh7 19. Bxg7 Kxg7 20. Qc2 Nf6 21. Bf3
Rb8 22. a4 Bd7 23. Re3 b6 24. Rae1 e6 25. Qd1 exd5 26. Nxd5 Rxe3 27. Rxe3 Nxd5
28. Bxd5 Be6 29. Rd3 Bxd5 30. Rxd5 Qf6 31. b3 Qb2 32. Rd7 Re8 33. Qf3 Qa1+ 34.
Kh2 Qe5+ 35. Kg1 Qa1+ 36. Rd1 Re1+ 37. Rxe1 Qxe1+ 38. Kh2 Qe5+ 39. g3 Qf6 40.
Kg2 Kg6 41. g4 Qxf3+ 42. Kxf3 f5 43. Ke3 h5 44. f3 hxg4 45. hxg4 1/2-1/2

[Event "Woerishofen sen 2016"]
[Site "Bad Woerishofen"]
[Date "2016.02.27"]
[Round "2.60"]
[White "Gepting, Konrad"]
[Black "Weyand, Fernand"]
[Result "1/2-1/2"]
[WhiteElo "1620"]
[BlackElo "1788"]
[PlyCount "114"]
[EventDate "2016.02.26"]
[EventType "swiss"]
[EventCountry "GER"]
[WhiteTeam "Marktoberdorf SK"]
[BlackTeam "Saarbruecken SVG"]
[WhiteTeamCountry "GER"]
[BlackTeamCountry "GER"]

1. e4 c6 2. g3 d5 3. Nc3 dxe4 4. Nxe4 Bf5 5. Nc3 e5 6. Bg2 Nf6 7. d3 Nbd7 8. h3
Be7 9. Nf3 Qc7 10. Nh4 Be6 11. a3 O-O-O 12. Be3 Nb6 13. Nf3 h6 14. Nd2 Nbd5 15.
Nxd5 Nxd5 16. Nc4 Nxe3 17. Nxe3 f5 18. Qe2 Rhe8 19. O-O-O Bg5 20. h4 Bf6 21.
Nc4 Bxc4 22. dxc4 e4 23. Qe3 Qe5 24. c3 Qa5 25. Kc2 Qa4+ 26. b3 Qa6 27. a4 Re6
28. Bh3 g6 29. Rxd8+ Kxd8 30. Rd1+ Ke7 31. Qxh6 Qb6 32. Qd2 Qc7 33. h5 Kf7 34.
hxg6+ Kxg6 35. Qf4 Qxf4 36. gxf4 e3 37. Re1 Bh4 38. Rxe3 Rxe3 39. fxe3 Bf2 40.
Kd3 c5 41. e4 fxe4+ 42. Kxe4 Be1 43. Bc8 b6 44. f5+ Kf6 45. Kd5 Bxc3 46. Kc6
Ke7 47. Kb7 Kd8 48. Be6 Bf6 49. Kxa7 Kc7 50. Ka6 Be5 51. Kb5 Bc3 52. f6 Bxf6
53. a5 bxa5 54. Kxc5 Bc3 55. Kb5 Bb4 56. c5 Bc3 57. c6 Bb4 1/2-1/2

[Event "Woerishofen sen 2016"]
[Site "Bad Woerishofen"]
[Date "2016.02.27"]
[Round "2.62"]
[White "Albrecht, Franz"]
[Black "Gerst, Waldemar"]
[Result "1-0"]
[WhiteElo "1600"]
[BlackElo "1769"]
[PlyCount "145"]
[EventDate "2016.02.26"]
[EventType "swiss"]
[EventCountry "GER"]
[WhiteTeam "Starnberg SC"]
[BlackTeam "Grunbach SC"]
[WhiteTeamCountry "GER"]
[BlackTeamCountry "GER"]

1. d4 Nf6 2. c4 e6 3. Nc3 c6 4. Nf3 d6 5. e3 Be7 6. Bd3 h6 7. O-O O-O 8. Qc2
Nbd7 9. Re1 e5 10. dxe5 Nxe5 11. Nxe5 dxe5 12. Rd1 Qc7 13. Ne4 Kh8 14. Be2 Bg4
15. Nxf6 Bxf6 16. Bxg4 Rad8 17. e4 Rd6 18. Rxd6 Qxd6 19. Be3 Rd8 20. Rd1 Qb4
21. Rxd8+ Bxd8 22. Qd1 Be7 23. b3 b5 24. Be2 Qa3 25. Qc2 bxc4 26. Bxc4 Qb4 27.
Qb1 Kg8 28. h3 a5 29. a4 g5 30. Qd1 Kg7 31. Qf3 Bf6 32. Qg4 Qd6 33. h4 Qe7 34.
hxg5 hxg5 35. Qc8 Qd6 36. Qg4 Qe7 37. Bb6 Qb4 38. Bc7 Qe1+ 39. Kh2 Qxf2 40.
Bxa5 Qa7 41. Bd2 Qe7 42. a5 Qd8 43. Bc3 Qh8+ 44. Kg1 Qb8 45. a6 Qa7+ 46. Kh2
Qb8 47. Qd7 Qh8+ 48. Kg1 Qf8 49. Qxf7+ Qxf7 50. Bxf7 Be7 51. a7 Bc5+ 52. Kh2
Bxa7 53. Be8 Bd4 54. Ba5 c5 55. Bc6 Kg6 56. g4 Kf6 57. Kg2 Ke6 58. Kf3 Kd6 59.
Bd5 Bb2 60. Bd8 Bc1 61. Ke2 Kd7 62. Ba5 Bb2 63. Kd3 Kd6 64. Kc4 Ba3 65. Kb5 Bb2
66. b4 cxb4 67. Bxb4+ Kc7 68. Be7 Bc1 69. Be6 Be3 70. Bf6 Bf4 71. Kc5 Be3+ 72.
Kd5 Bf4 73. Bf5 1-0

[Event "Woerishofen sen 2016"]
[Site "Bad Woerishofen"]
[Date "2016.02.27"]
[Round "2.64"]
[White "Schmid, Arnold"]
[Black "Auterhoff, Juergen"]
[Result "1/2-1/2"]
[WhiteElo "1578"]
[BlackElo "1763"]
[PlyCount "59"]
[EventDate "2016.02.26"]
[EventType "swiss"]
[EventCountry "GER"]
[WhiteTeam "Oberbilker SV"]
[BlackTeam "Pasing SC"]
[WhiteTeamCountry "GER"]
[BlackTeamCountry "GER"]

1. e4 c6 2. d4 d5 3. e5 Bf5 4. Nf3 e6 5. Be2 Be7 6. O-O Nd7 7. Nc3 Qc7 8. Be3
f6 9. Nh4 fxe5 10. Nxf5 exf5 11. dxe5 Nxe5 12. g3 Nf6 13. Bf4 Bd6 14. Re1 O-O
15. Bd3 Nxd3 16. Bxd6 Qxd6 17. Qxd3 Ne4 18. Nxe4 fxe4 19. Rxe4 Qf6 20. Re2 Qxb2
21. Rae1 Qf6 22. Qd2 Rf7 23. Re6 Qf5 24. R1e5 Qg4 25. Qe1 Raf8 26. Re8 Qf3 27.
Rxf8+ Rxf8 28. Re7 Rf7 29. Re8+ Rf8 30. Re7 1/2-1/2

[Event "Woerishofen sen 2016"]
[Site "Bad Woerishofen"]
[Date "2016.02.27"]
[Round "2.65"]
[White "Engl, Heinz"]
[Black "Blosze, Winfried"]
[Result "1-0"]
[WhiteElo "2015"]
[BlackElo "1846"]
[PlyCount "49"]
[EventDate "2016.02.26"]
[EventType "swiss"]
[EventCountry "GER"]
[WhiteTeam "Muenchen Blinden SC"]
[BlackTeam "Grossauheim SV"]
[WhiteTeamCountry "GER"]
[BlackTeamCountry "GER"]

1. e4 e5 2. Nf3 Nc6 3. Nc3 Bc5 4. Bb5 Nf6 5. O-O O-O 6. h3 d6 7. Bxc6 bxc6 8.
d4 exd4 9. Nxd4 Bxd4 10. Qxd4 Nd7 11. Be3 a5 12. Rad1 Ba6 13. Rfe1 Qb8 14. b3
Re8 15. Bc1 c5 16. Qe3 c4 17. Bb2 cxb3 18. cxb3 Ne5 19. Ba1 Qa7 20. Qg3 Re6 21.
Nd5 Rg6 22. Ne7+ Kf8 23. Nxg6+ Nxg6 24. Rc1 Re8 25. Qc3 1-0

[Event "Woerishofen sen 2016"]
[Site "Bad Woerishofen"]
[Date "2016.02.27"]
[Round "2.66"]
[White "Schnell, Franz"]
[Black "Walther, Renate"]
[Result "1-0"]
[WhiteElo "1762"]
[BlackElo "1232"]
[PlyCount "37"]
[EventDate "2016.02.26"]
[EventType "swiss"]
[EventCountry "GER"]
[WhiteTeam "Trossingen SV"]
[BlackTeam "Herzogenaurach SK"]
[WhiteTeamCountry "GER"]
[BlackTeamCountry "GER"]

1. d4 d5 2. Nf3 Nf6 3. Bf4 e6 4. e3 Bd6 5. Nc3 O-O 6. Ne5 Re8 7. Be2 b6 8. O-O
Nbd7 9. Nc6 Ne4 10. Nxd8 Rxd8 11. Nxe4 dxe4 12. Bxd6 cxd6 13. c4 Bb7 14. d5 e5
15. b4 a5 16. bxa5 Rxa5 17. Qb3 Ba6 18. Bg4 b5 19. Bxd7 1-0

[Event "Woerishofen sen 2016"]
[Site "Bad Woerishofen"]
[Date "2016.02.27"]
[Round "2.67"]
[White "Eigenmann, Christina"]
[Black "Dittmann, Heinz"]
[Result "1-0"]
[WhiteElo "1759"]
[BlackElo "1565"]
[PlyCount "95"]
[EventDate "2016.02.26"]
[EventType "swiss"]
[EventCountry "GER"]
[WhiteTeam "SUI"]
[BlackTeam "Nettetal SG"]
[WhiteTeamCountry "SUI"]
[BlackTeamCountry "GER"]

1. d4 Nf6 2. Nf3 d5 3. Bf4 e6 4. e3 c5 5. Nc3 a6 6. Be2 Nbd7 7. O-O Be7 8. h3
O-O 9. Ne5 cxd4 10. exd4 Nb8 11. Bd3 Nc6 12. Nxc6 bxc6 13. Ne2 Bb7 14. Ng3 Bd6
15. Bg5 h6 16. Bxf6 Qxf6 17. Qg4 Bc8 18. Nh5 Qg5 19. Qxg5 hxg5 20. Ng3 g6 21.
Ne2 e5 22. dxe5 Bxe5 23. c3 Kg7 24. Rae1 Bf6 25. Nd4 Bb7 26. Nb3 Bc8 27. Nc5
Ra7 28. Re2 Re7 29. Rfe1 Rxe2 30. Rxe2 a5 31. a4 g4 32. hxg4 Bxg4 33. f3 Bc8
34. Nb3 Bg5 35. Nxa5 Bd7 36. Nb3 Bf4 37. Nc5 Bc8 38. a5 Bd6 39. b4 Bxc5+ 40.
bxc5 Be6 41. Rb2 Ra8 42. a6 Bc8 43. Rb6 Bd7 44. Kf2 Kh6 45. Rb7 Be6 46. Rc7 Rc8
47. a7 Kg5 48. Rxc8 1-0

[Event "Woerishofen sen 2016"]
[Site "Bad Woerishofen"]
[Date "2016.02.27"]
[Round "2.68"]
[White "Rueggeberg, Wilhelm"]
[Black "Hahn, Volker"]
[Result "1/2-1/2"]
[WhiteElo "1843"]
[BlackElo "1679"]
[PlyCount "54"]
[EventDate "2016.02.26"]
[EventType "swiss"]
[EventCountry "GER"]
[WhiteTeam "Saarburg Trier SF"]
[BlackTeam "DBSB"]
[WhiteTeamCountry "GER"]
[BlackTeamCountry "GER"]

1. d4 Nf6 2. c4 e5 3. dxe5 Ng4 4. Nf3 Bc5 5. e3 Nc6 6. Be2 Ngxe5 7. Nbd2 d6 8.
O-O O-O 9. Nxe5 Nxe5 10. Nf3 Be6 11. Qc2 Qf6 12. Nxe5 dxe5 13. Bd2 c6 14. b4
Bb6 15. c5 Bc7 16. Bc3 Qg5 17. Rfd1 Rfd8 18. a3 Rd7 19. Rxd7 Bxd7 20. Rd1 Rd8
21. Rd2 Be6 22. g3 Rxd2 23. Qxd2 Bd5 24. Bf1 Qf5 25. Qd3 Qf3 26. e4 Qxe4 27.
Qxe4 Bxe4 1/2-1/2

[Event "Woerishofen sen 2016"]
[Site "Bad Woerishofen"]
[Date "2016.02.27"]
[Round "2.69"]
[White "Schulz, Franz"]
[Black "Collins, Alan"]
[Result "1/2-1/2"]
[WhiteElo "1643"]
[BlackElo "1753"]
[PlyCount "31"]
[EventDate "2016.02.26"]
[EventType "swiss"]
[EventCountry "GER"]
[WhiteTeam "Ebersbach SV"]
[BlackTeam "ENG"]
[WhiteTeamCountry "GER"]
[BlackTeamCountry "ENG"]

1. b4 e5 2. a3 d6 3. Bb2 f5 4. e3 Nf6 5. d3 Be7 6. Be2 Be6 7. c4 Nbd7 8. Nd2
O-O 9. Ngf3 Ne8 10. O-O g5 11. h3 Ng7 12. Nh2 c6 13. Rc1 a5 14. b5 Bf6 15. a4
c5 16. Bf3 1/2-1/2

[Event "Woerishofen sen 2016"]
[Site "Bad Woerishofen"]
[Date "2016.02.28"]
[Round "3.1"]
[White "Frick, Christoph"]
[Black "Born, Bernd Ludger"]
[Result "1/2-1/2"]
[WhiteElo "2224"]
[BlackElo "2105"]
[PlyCount "88"]
[EventDate "2016.02.26"]
[EventType "swiss"]
[EventCountry "GER"]
[WhiteTeam "Bebenhausen SK"]
[BlackTeam "Pfullingen SF"]
[WhiteTeamCountry "GER"]
[BlackTeamCountry "GER"]

1. d4 Nf6 2. Bf4 e6 3. e3 b6 4. Nf3 Bb7 5. Nbd2 Be7 6. h3 d5 7. Bd3 Nbd7 8. Ne5
O-O 9. Qf3 c5 10. c3 Nxe5 11. dxe5 Ne8 12. O-O-O f5 13. exf6 Nxf6 14. Kb1 Bd6
15. Qe2 e5 16. Bg5 Qe8 17. f3 a6 18. e4 d4 19. cxd4 cxd4 20. Rc1 b5 21. Nb3 Rc8
22. Na5 Ba8 23. Rxc8 Qxc8 24. Rc1 Qd7 25. Qc2 h6 26. Bd2 Nh5 27. a4 Kh7 28.
axb5 axb5 29. Nb3 Rb8 30. Nc5 Qc6 31. b4 Bb7 32. Nxb7 Qxb7 33. Qc6 Qe7 34. Bxb5
Bxb4 35. Rc2 Bxd2 36. Rxd2 Qb4+ 37. Rb2 Qe1+ 38. Ka2 Qa5+ 39. Kb1 Nf4 40. g3
Nxh3 41. f4 Qe1+ 42. Ka2 Qxg3 43. f5 Nf4 44. f6 Qg6 1/2-1/2

[Event "Woerishofen sen 2016"]
[Site "Bad Woerishofen"]
[Date "2016.02.28"]
[Round "3.2"]
[White "Lang, Ferdinand"]
[Black "Okrajek, Alexander"]
[Result "1/2-1/2"]
[WhiteElo "2097"]
[BlackElo "2224"]
[PlyCount "70"]
[EventDate "2016.02.26"]
[EventType "swiss"]
[EventCountry "GER"]
[WhiteTeam "Willsbach TSV"]
[BlackTeam "Siegburg SC"]
[WhiteTeamCountry "GER"]
[BlackTeamCountry "GER"]

1. e4 d6 2. d4 Nf6 3. Nc3 g6 4. Nf3 Bg7 5. Be2 O-O 6. Bg5 h6 7. Bh4 c6 8. Qd2
b5 9. Bxf6 exf6 10. Bd3 Re8 11. O-O Bg4 12. Qf4 Bxf3 13. Qxf3 Nd7 14. Rad1 Nf8
15. Rfe1 Qb6 16. Qg3 Rad8 17. Ne2 d5 18. exd5 Rxd5 19. c3 f5 20. Nf4 Rdd8 21.
Bc2 c5 22. dxc5 Qxc5 23. Rxe8 Rxe8 24. Qd3 b4 25. Nd5 bxc3 26. bxc3 Ne6 27. Bb3
Ng5 28. c4 Bd4 29. Kf1 Bg7 30. f3 Ne6 31. Qe3 Qxe3 32. Nxe3 Bd4 33. Nd5 Kg7 34.
Nc7 Rd8 35. Nb5 Bc5 1/2-1/2

[Event "Woerishofen sen 2016"]
[Site "Bad Woerishofen"]
[Date "2016.02.28"]
[Round "3.3"]
[White "Witte, Manfred"]
[Black "Glatthor, Thomas"]
[Result "0-1"]
[WhiteElo "2210"]
[BlackElo "2071"]
[PlyCount "24"]
[EventDate "2016.02.26"]
[EventType "swiss"]
[EventCountry "GER"]
[WhiteTeam "Hermsdorf VfB"]
[BlackTeam "Hermsdorf VfB"]
[WhiteTeamCountry "GER"]
[BlackTeamCountry "GER"]

1. Nf3 Nf6 2. g3 g6 3. Bg2 Bg7 4. O-O O-O 5. d3 d6 6. c4 c5 7. Nc3 Nc6 8. Rb1
Rb8 9. e4 e5 10. a3 a5 11. Nd5 Bg4 12. h3 Bxf3 0-1

[Event "Woerishofen sen 2016"]
[Site "Bad Woerishofen"]
[Date "2016.02.28"]
[Round "3.4"]
[White "Krieger, Hermann"]
[Black "Klempt, Guenter"]
[Result "1-0"]
[WhiteElo "2172"]
[BlackElo "2039"]
[PlyCount "131"]
[EventDate "2016.02.26"]
[EventType "swiss"]
[EventCountry "GER"]
[WhiteTeam "Ludwigshafen SK"]
[BlackTeam "Bochumer SV"]
[WhiteTeamCountry "GER"]
[BlackTeamCountry "GER"]

1. e4 c5 2. Nf3 Nc6 3. d4 cxd4 4. Nxd4 g6 5. Nc3 Bg7 6. Be3 Nf6 7. Bc4 O-O 8.
Bb3 Na5 9. f3 Nxb3 10. Nxb3 d6 11. Qd2 a5 12. a4 Bd7 13. g4 Bc6 14. h4 h5 15.
gxh5 Nxh5 16. Nd4 d5 17. O-O-O dxe4 18. Nxc6 Qxd2+ 19. Rxd2 bxc6 20. Nxe4 Nf6
21. Nxf6+ Bxf6 22. h5 Rfd8 23. hxg6 fxg6 24. Rg2 Kf7 25. Rh7+ Bg7 26. Bh6 Rg8
27. Re2 Ra7 28. f4 Kf8 29. Bxg7+ Rxg7 30. Rxg7 Kxg7 31. Re5 Kf6 32. Rc5 Ra6 33.
Kd2 Ke6 34. Ke3 Rb6 35. b3 Ra6 36. Kd4 Kf6 37. Kc4 Ke6 38. Re5+ Kf6 39. Kc5 Kf7
40. c3 Kf6 41. Kc4 Kf7 42. Rc5 Kf6 43. Kd3 Ke6 44. Kc2 Kf6 45. Kb2 Ke6 46. Ka3
Kf6 47. b4 axb4+ 48. cxb4 Ke6 49. a5 Kd6 50. Rg5 Ra8 51. Rxg6+ Kd7 52. Rg3 c5
53. Rd3+ Ke6 54. bxc5 Rxa5+ 55. Kb4 Ra1 56. Rd4 Kf5 57. c6 e5 58. fxe5 Kxe5 59.
Rd3 Ke6 60. Kc5 Rc1+ 61. Kb6 Rb1+ 62. Ka7 Ra1+ 63. Kb7 Rb1+ 64. Kc8 Rc1 65. c7
Rb1 66. Kd8 1-0

[Event "Woerishofen sen 2016"]
[Site "Bad Woerishofen"]
[Date "2016.02.28"]
[Round "3.5"]
[White "Neese, Hans Joachim"]
[Black "Walther, Reinhard"]
[Result "1-0"]
[WhiteElo "2159"]
[BlackElo "2039"]
[PlyCount "79"]
[EventDate "2016.02.26"]
[EventType "swiss"]
[EventCountry "GER"]
[WhiteTeam "Hennef SV"]
[BlackTeam "Herzogenaurach SK"]
[WhiteTeamCountry "GER"]
[BlackTeamCountry "GER"]

1. d4 d5 2. Nf3 Nf6 3. c4 c6 4. Nc3 dxc4 5. a4 Bf5 6. Ne5 Nbd7 7. Nxc4 Nb6 8.
Ne5 a5 9. f3 Nfd7 10. Nd3 Bxd3 11. Qxd3 e5 12. e3 Bb4 13. Kf2 O-O 14. Be2 f5
15. Rd1 exd4 16. exd4 Qh4+ 17. Kg1 Bd6 18. f4 Rf6 19. Qg3 Qh6 20. Qg5 Qxg5 21.
fxg5 Re6 22. Bf3 Rae8 23. Kf2 Bb4 24. d5 cxd5 25. Nxd5 Rd6 26. Bf4 Bc5+ 27. Kf1
Rc6 28. Nxb6 Rxb6 29. Rxd7 Rxb2 30. Rd2 Rb4 31. g3 b6 32. Bc6 Rc8 33. Bd7 Rf8
34. Rad1 Kf7 35. Bc6 Kg6 36. h4 h6 37. gxh6 gxh6 38. Kg2 Rf6 39. Be8+ Kg7 40.
Be5 1-0

[Event "Woerishofen sen 2016"]
[Site "Bad Woerishofen"]
[Date "2016.02.28"]
[Round "3.6"]
[White "Lainburg, Viktor"]
[Black "Kelchner, Hans"]
[Result "1/2-1/2"]
[WhiteElo "2033"]
[BlackElo "2157"]
[PlyCount "23"]
[EventDate "2016.02.26"]
[EventType "swiss"]
[EventCountry "GER"]
[WhiteTeam "Ulm SC Weisse Dame"]
[BlackTeam "Ludwigshafen SK"]
[WhiteTeamCountry "GER"]
[BlackTeamCountry "GER"]

1. d4 d5 2. Bg5 Nf6 3. Bxf6 exf6 4. e3 Bf5 5. Bd3 Qd7 6. Ne2 Nc6 7. Bxf5 Qxf5
8. Ng3 Qe6 9. c3 g6 10. Nd2 f5 11. Qf3 Bd6 12. O-O-O 1/2-1/2

[Event "Woerishofen sen 2016"]
[Site "Bad Woerishofen"]
[Date "2016.02.28"]
[Round "3.7"]
[White "Zunker, Reinhard"]
[Black "Pfitzer, Norbert"]
[Result "1/2-1/2"]
[WhiteElo "2153"]
[BlackElo "2034"]
[PlyCount "43"]
[EventDate "2016.02.26"]
[EventType "swiss"]
[EventCountry "GER"]
[WhiteTeam "Hofheim SV"]
[BlackTeam "Aalen Ellwangen SV"]
[WhiteTeamCountry "GER"]
[BlackTeamCountry "GER"]

1. e4 d6 2. d4 Nf6 3. Nc3 g6 4. Be2 Bg7 5. Bg5 Nbd7 6. Qd2 c6 7. Nf3 Qa5 8. a3
h6 9. Bf4 g5 10. Bg3 Nh5 11. b4 Qc7 12. O-O Nxg3 13. hxg3 Nf6 14. Rfe1 Bd7 15.
e5 dxe5 16. Nxe5 Be6 17. Bf1 Rd8 18. Na4 O-O 19. Nc5 Bf5 20. c3 b6 21. Na6 Qc8
22. Qb2 1/2-1/2

[Event "Woerishofen sen 2016"]
[Site "Bad Woerishofen"]
[Date "2016.02.28"]
[Round "3.8"]
[White "Kozlov, Alexander"]
[Black "Harsch, Martin"]
[Result "1-0"]
[WhiteElo "2153"]
[BlackElo "2029"]
[PlyCount "95"]
[EventDate "2016.02.26"]
[EventType "swiss"]
[EventCountry "GER"]
[WhiteTeam "Stuttgarter SF"]
[BlackTeam "SUI"]
[WhiteTeamCountry "GER"]
[BlackTeamCountry "SUI"]

1. d4 d5 2. c4 c6 3. Nf3 Nf6 4. Nc3 a6 5. Ne5 Nbd7 6. Bf4 e6 7. e3 Bb4 8. Bd3
O-O 9. O-O dxc4 10. Nxc4 c5 11. a3 cxd4 12. axb4 dxc3 13. bxc3 b5 14. Nd6 e5
15. Bg3 Rb8 16. Nxc8 Qxc8 17. Qb3 Rb6 18. Rac1 Qb7 19. Rfd1 h6 20. Bf5 Re8 21.
Rd2 Rc6 22. Rcd1 Nb6 23. Rd8 Qe7 24. Rxe8+ Nxe8 25. Be4 Rd6 26. Bf3 Rxd1+ 27.
Qxd1 Nd6 28. Bd5 Nf5 29. Bb3 Nxg3 30. hxg3 Qc7 31. Qd3 Nc4 32. Kf1 g6 33. Ke1
Kf8 34. Qd5 Kg7 35. Ke2 h5 36. Kd3 Nb2+ 37. Kc2 Nc4 38. Bxc4 bxc4 39. Kb2 f5
40. Ka3 f4 41. gxf4 exf4 42. Qd4+ Kh7 43. Qxf4 Qc6 44. f3 Kg8 45. Qd4 Kh7 46.
e4 Qc7 47. e5 a5 48. b5 1-0

[Event "Woerishofen sen 2016"]
[Site "Bad Woerishofen"]
[Date "2016.02.28"]
[Round "3.9"]
[White "Di Lazzaro, Gabriele"]
[Black "Gross, Werner"]
[Result "1/2-1/2"]
[WhiteElo "1970"]
[BlackElo "2201"]
[PlyCount "107"]
[EventDate "2016.02.26"]
[EventType "swiss"]
[EventCountry "GER"]
[WhiteTeam "ITA"]
[BlackTeam "Niederkassel SG"]
[WhiteTeamCountry "ITA"]
[BlackTeamCountry "GER"]

1. d4 Nf6 2. Nc3 d5 3. Bg5 Nbd7 4. Qd3 h6 5. Bf4 c6 6. Nf3 g6 7. e4 dxe4 8.
Nxe4 Nxe4 9. Qxe4 Nf6 10. Qd3 Bg7 11. Be2 O-O 12. O-O Bf5 13. Qb3 Qb6 14. Qxb6
axb6 15. c3 b5 16. a3 Nd5 17. Bg3 Nb6 18. Rad1 Nc4 19. Bxc4 bxc4 20. Rfe1 e6
21. Ne5 Bxe5 22. Bxe5 f6 23. Bd6 Rfe8 24. f3 Bc2 25. Rd2 Ba4 26. Kf2 Rad8 27.
Bf4 g5 28. Be3 Rd5 29. Rde2 Kf7 30. g4 f5 31. gxf5 exf5 32. Bc1 Rxe2+ 33. Rxe2
c5 34. dxc5 f4 35. h4 Rxc5 36. hxg5 hxg5 37. Rd2 Bc6 38. Rd4 Rd5 39. Rxd5 Bxd5
40. Ke2 Ke6 41. Bd2 Kd6 42. Be1 Ke6 43. Bf2 Kf5 44. Bc5 Bf7 45. Kf2 Bh5 46. Bb6
g4 47. fxg4+ Bxg4 48. Bc7 Ke4 49. Bd6 Bh5 50. Bc7 f3 51. Bd6 Kd3 52. Be7 Kc2
53. Bd6 Kxb2 54. Bb4 1/2-1/2